Child rights: (Record no. 3203)

MARC details
000 -LEADER
fixed length control field 00595nam a22001937a 4500
005 - DATE AND TIME OF LATEST TRANSACTION
control field 20231109120800.0
008 - FIXED-LENGTH DATA ELEMENTS--GENERAL INFORMATION
fixed length control field 230818b1998 |||||||| |||| 00| 0 eng d
020 ## - ISBN
ISBN 9552307317
082 ## - DEWEY DECIMAL CLASSIFICATION NUMBER
Classification number 342.08
Item number CHI
942 ## - ADDED ENTRY ELEMENTS (KOHA)
Item Type Reports
700 ## - ADDED ENTRY--PERSONAL NAME
Personal name Goonesekere, Savitri W. E.
Relator Term editor
700 ## - ADDED ENTRY--PERSONAL NAME
Personal name Gunawardena, Chandra
Relator Term editor
700 ## - ADDED ENTRY--PERSONAL NAME
Personal name Kularatna, N.G.
Relator Term editor
245 ## - TITLE STATEMENT
Title Child rights:
Sub Title the Sri Lankan experience
260 ## - PUBLICATION, DISTRIBUTION, ETC. (IMPRINT)
Place of Publication Nawala;
Name of Publisher Open University of Sri lanka,
Date of Copyright 1998
300 ## - PHYSICAL DESCRIPTION
Extent ix, 228 p. ; 23 cm.
Physical Details Bibliography and index included
650 ## - SUBJECT ADDED ENTRY--TOPICAL TERM
Topical Term CHILD RIGHTS-Sri Lanka
650 ## - SUBJECT ADDED ENTRY--TOPICAL TERM
Topical Term Human rights
Holdings
Withdrawn status Lost status Source of classification or shelving scheme Damaged status Not for loan Permanent location Current location Date acquired Total Checkouts Full call number Barcode Date last seen Price effective from Koha item type
    Dewey Decimal Classification     Resource center, Muslim Women's Research And Action Forum Resource center, Muslim Women's Research And Action Forum 2023-08-18   342.08 CHI RAF4 2023-08-18 2023-08-18 Books

Copyright © 2023 Muslim Women's Research and Action Forum (MWRAF), No 27/3, Anderson Road, Kalubowila, Dehiwela. Funded by The Asia Fundation